Home Print Resources E-Books E-Journals IIMT Lecture Series Library Membership Form Book Recommendation Form Campus Tour Take AdmissionAbout Us Contact Us

SOFTWARE ENGINEERING (Record no. 1162)

000 -LEADER
fixed length control field 00356nam a2200157Ia 4500
003 - CONTROL NUMBER IDENTIFIER
control field OSt
005 - DATE AND TIME OF LATEST TRANSACTION
control field 20240307113542.0
008 - FIXED-LENGTH DATA ELEMENTS--GENERAL INFORMATION
fixed length control field 170523s9999 xx 000 0 und d
020 ## - INTERNATIONAL STANDARD BOOK NUMBER
International Standard Book Number 978-0071238403
040 ## - CATALOGING SOURCE
Transcribing agency iimtu meerut
100 ## - MAIN ENTRY--PERSONAL NAME
Personal name PRESSMAN- ROJER S
245 #0 - TITLE STATEMENT
Title SOFTWARE ENGINEERING
260 ## - PUBLICATION, DISTRIBUTION, ETC.
Name of publisher, distributor, etc. MC GRAW HILL
260 ## - PUBLICATION, DISTRIBUTION, ETC.
Date of publication, distribution, etc. 2004
942 ## - ADDED ENTRY ELEMENTS (KOHA)
Source of classification or shelving scheme
Koha item type Book Bank
Holdings
Withdrawn status Lost status Source of classification or shelving scheme Damaged status Not for loan Home library Current library Date acquired Coded location qualifier Barcode Date last seen Uniform Resource Identifier Price effective from Koha item type Public note Total Checkouts Date last checked out
          IIMT University Central Library Meerut IIMT University Central Library Meerut 05/31/2017 Dept. MBA 01-B-5389 05/31/2017 SOFTWARE ENGINEERING 05/31/2017 Book Bank management departmental library books update march 2019    
          IIMT University Central Library Meerut IIMT University Central Library Meerut 05/31/2017   01-B-5390 06/21/2024 SOFTWARE ENGINEERING 05/31/2017 Book Bank   3 02/26/2024
          IIMT University Central Library Meerut IIMT University Central Library Meerut 05/31/2017   01-B-5391 06/27/2025 SOFTWARE ENGINEERING 05/31/2017 Book Bank   3 03/07/2025
          IIMT University Central Library Meerut IIMT University Central Library Meerut 05/31/2017   01-B-5392 06/16/2025 SOFTWARE ENGINEERING 05/31/2017 Book Bank   3 02/18/2025
          IIMT University Central Library Meerut IIMT University Central Library Meerut 05/31/2017   01-B-5393 01/13/2020 SOFTWARE ENGINEERING 05/31/2017 Book Bank   2 08/28/2019
IIMT, Central Library. All Rights Reserved IIMT,UNIVERSITY © 2023
Implemented and Customised by I CLOUDE EMS
You Are OPAC Visitor No
free web counter

Powered by Koha